logo

Bir Sreshtho Munshi Abdur Rouf Library
Jhenaidah Cadet College

Benjamin Franklin : (Record no. 1688)

MARC details
000 -LEADER
fixed length control field 01364cam a2200373 i 4500
001 - CONTROL NUMBER
JCCL Control Number 1688
003 - CONTROL NUMBER IDENTIFIER
JCCL marc code BD-JhCC
005 - DATE AND TIME OF LATEST TRANSACTION
control field 20190709134016.0
008 - FIXED-LENGTH DATA ELEMENTS--GENERAL INFORMATION
fixed length control field 030901s2003 nyuf b 001 0beng
020 ## - INTERNATIONAL STANDARD BOOK NUMBER
International Standard Book Number 9780684807614
020 ## - INTERNATIONAL STANDARD BOOK NUMBER
International Standard Book Number 0684807610
020 ## - INTERNATIONAL STANDARD BOOK NUMBER
International Standard Book Number 9780743258074 (pbk.)
020 ## - INTERNATIONAL STANDARD BOOK NUMBER
International Standard Book Number 074325807X (pbk.)
035 ## - SYSTEM CONTROL NUMBER
system control number (BD-JhCC)1688
040 ## - CATALOGING SOURCE
Original cataloging agency DLC
Description conventions rda
Transcribing agency DLC
Modifying agency DLC
-- UkOxU
041 ## - LANGUAGE CODE
Language code of Book eng
050 00 - LIBRARY OF CONGRESS CALL NUMBER
Classification number E302.6.F8
Item number I83 2003
082 00 - DEWEY DECIMAL CLASSIFICATION NUMBER
Classification number 973.3/092
-- B
DDC Edition number 21
Author mark and Year ISA 2003
100 1# - MAIN ENTRY--PERSONAL NAME
Personal name Isaacson, Walter,
245 10 - TITLE STATEMENT
Title Benjamin Franklin :
Remainder of title an American life /
Statement of responsibility, etc Walter Isaacson.
246 3# - VARYING FORM OF TITLE
Title proper/short title Benjamin Franklin and the invention of America :an American life.
300 ## - PHYSICAL DESCRIPTION
Pagination x, 590 pages, [16 pages of plates] :
Other physical details illustrations ;
Dimensions 25 cm.
504 ## - BIBLIOGRAPHY, ETC. NOTE
Bibliography, etc Includes bibliographical references and index.
600 10 - SUBJECT ADDED ENTRY--PERSONAL NAME
Personal name Franklin, Benjamin,
Dates associated with a name 1706-1790.
650 #0 - SUBJECT ADDED ENTRY--TOPICAL TERM
Topical term or geographic name as entry element Statesmen
Geographic subdivision United States
Form subdivision Biography.
650 #0 - SUBJECT ADDED ENTRY--TOPICAL TERM
Topical term or geographic name as entry element Scientists
Geographic subdivision United States
Form subdivision Biography.
650 #0 - SUBJECT ADDED ENTRY--TOPICAL TERM
Topical term or geographic name as entry element Inventors
Geographic subdivision United States
Form subdivision Biography.
650 #0 - SUBJECT ADDED ENTRY--TOPICAL TERM
Topical term or geographic name as entry element Printers
Geographic subdivision United States
Form subdivision Biography.
651 #0 - SUBJECT ADDED ENTRY--GEOGRAPHIC NAME
Geographic name United States
General subdivision Politics and government
Chronological subdivision 1775-1783.
651 #0 - SUBJECT ADDED ENTRY--GEOGRAPHIC NAME
Geographic name United States
General subdivision Politics and government
Chronological subdivision 1783-1789.
856 42 - ELECTRONIC LOCATION AND ACCESS
Materials specified Publisher description
Uniform Resource Identifier http://www.loc.gov/catdir/description/simon033/2003050463.html
942 ## - ADDED ENTRY ELEMENTS (KOHA)
Source of classification or shelving scheme Dewey Decimal Classification
Koha item type Books
Koha issues (borrowed), all copies 2
Holdings
Source of classification or shelving scheme Damaged status Not for loan Home library Current library Shelving location Date of accession Source of acquisition Cost, normal purchase price Total Checkouts Full call number Barcode Date last seen Date checked out Copy number Koha item type
Dewey Decimal Classification     JCC Rouf Library JCC Rouf Library General Stacks 10/23/2017 Purchase 18.95 1 973.3092 ISA 2003 3041 07/08/2019 07/08/2019 C-1 Books

JCC Library | Contacts | JCC Home

Last Update on 23 September 2017
Copyright @ 2017-2020 JCC Rouf Library
Rouf Library, Jhenidah Cadet College (JCC), Bangladesh